书目信息 |
| 题名: |
西方服装通史经典图鉴
|
|
| 作者: | 皮库克 著 | |
| 分册: | ||
| 出版信息: | 上海 上海人民美术出版社 2008.05 |
|
| 页数: | 223页 | |
| 开本: | 29cm | |
| 丛书名: | ||
| 单 册: | ||
| 中图分类: | TS941-091 | |
| 科图分类: | ||
| 主题词: | 服装--fu zhuang--发展史--西方国家--图集 | |
| 电子资源: | ||
| ISBN: | 978-7-5322-5228-2 | |
| 000 | 01044nam0 2200253 450 | |
| 001 | 012008813190 | |
| 005 | 20081219090444.01 | |
| 010 | @a978-7-5322-5228-2@b精装@dCNY128.00 | |
| 100 | @a20081219d2008 em y0chiy0120 ea | |
| 101 | 1 | @achi@ceng |
| 102 | @aCN@b310000 | |
| 105 | @aa z 000yy | |
| 106 | @ar | |
| 200 | 1 | @a西方服装通史经典图鉴@Axi fang fu zhuang tong shi jing dian tu jian@d= The chronicle of western costume@f(英) 约翰·皮库克著@F(ying)yue han·pi ku ke zhu@zeng |
| 210 | @a上海@c上海人民美术出版社@d2008.05 | |
| 215 | @a223页@c图@d29cm | |
| 306 | @a由Thames & Hudson出版集团授权出版 | |
| 330 | @a本书展现了从公元前2000年至20世纪西方服装发展的历程,以绘图的方式,有代表性地选取了帝王、贵族、普通市民、士兵以及仆人等社会各个阶层的装束,并配备了精确的文字描述。 | |
| 500 | 10 | @aChronicle of western costume@mChinese |
| 606 | 0 | @a服装@Afu zhuang@x发展史@y西方国家@j图集 |
| 690 | @aTS941-091@v4 | |
| 701 | 1 | @a皮库克@Api ku ke@g(Peacock, John)@4著 |
| 801 | 0 | @aCN@bQSSK@c20081219 |
| 905 | @b735683-84@dTS941-091@eP628@f2 | |
| 西方服装通史经典图鉴= The chronicle of western costume/(英) 约翰·皮库克著.-上海:上海人民美术出版社,2008.05 |
| 223页:图;29cm |
| ISBN 978-7-5322-5228-2(精装):CNY128.00 |
| 本书展现了从公元前2000年至20世纪西方服装发展的历程,以绘图的方式,有代表性地选取了帝王、贵族、普通市民、士兵以及仆人等社会各个阶层的装束,并配备了精确的文字描述。 |
| ● |
| 相关链接 |
|
|
|
正题名:西方服装通史经典图鉴
索取号:TS941-091/P628
 
预约/预借
| 序号 | 登录号 | 条形码 | 馆藏地/架位号 | 状态 | 备注 |
| 1 | 735683 | 207356831 | 自科库501/501自科库 43排7列4层/ [索取号:TS941-091/P628] | 在馆 | |
| 2 | 735684 | 207356840 | 自科库501/501自科库 43排7列4层/ [索取号:TS941-091/P628] | 在馆 |